| 000 | 00753cam a22002653a 4500 | ||
|---|---|---|---|
| 001 | 36003 | ||
| 003 | PGUSA | ||
| 005 | 20140828083756.0 | ||
| 008 | 110501s2011||||xxu|||||s|||||000 | eng d | ||
| 040 |
_aPGUSA _beng |
||
| 042 | _adc | ||
| 050 | 4 | _aHV | |
| 050 | 4 | _aQM | |
| 100 | 1 |
_aTalbot, Eugene S. _q(Eugene Solomon), _d1847-1924 |
|
| 245 | 1 | 0 |
_aDegeneracy : _bIts Causes, Signs and Results _h[electronic resource] / _cEugene S. Talbot |
| 260 |
_bProject Gutenberg, _c2011 |
||
| 506 | _aPublic domain in the USA. | ||
| 516 | _aElectronic text | ||
| 653 | _aDegeneration | ||
| 653 | _aAbnormalities, Human | ||
| 653 | _aHeredity, Human | ||
| 830 | 0 |
_aProject Gutenberg _v36003 |
|
| 856 | 4 | 0 | _uhttp://www.gutenberg.org/ebooks/36003 |
| 942 | _cEB | ||
| 999 |
_c265258 _d265258 |
||